000 00529nam a2200181Ia 4500
999 _c28350
_d28350
003 OSt
005 20210108143246.0
008 190216s9999||||xx |||||||||||||| ||und||
020 _a9788130001234
040 _coclc
082 _a894.812301
_bRAM/C
100 _aRamakrishnan, Malayatoor
_96469
245 0 _aCollector /
_cMalayatoor Ramakrishnan
260 _bPoorna Publications,
_aKozhikode:
_c2004.
300 _a99p
650 _aKathakal
942 _cBK
_2ddc
_h894.812301
_iRAM/C
_k894.812301
_mRAM/C